La pérdida de la independencia energética de México /
Tallennettuna:
| Päätekijä: | |
|---|---|
| Aineistotyyppi: | Teksti |
| Aiheet: | |
| Tagit: |
Lisää tagi
Ei tageja, Lisää ensimmäinen tagi!
|
MARC
| LEADER | 00000 a a2200000 04500 | ||
|---|---|---|---|
| 001 | 45896 | ||
| 003 | |||
| 040 | |||
| 100 | |a Bonilla, Arturo | ||
| 245 | |a La pérdida de la independencia energética de México / |c Arturo Bonilla | ||
| 650 | |a MEXICO | ||
| 650 | |a ENERGIA | ||
| 650 | |a ECONOMIA | ||
| 773 | |g número70 (1993), páginas 60-62 | ||
| 999 | |c 20246 |d 20246 | ||
